| Tag |
First Indicator |
Second Indicator |
Subfields |
| LEADER |
00000cam a2200000Ia 4500 |
| 001 |
in00002781855 |
| 006 |
m d |
| 007 |
cr cn||||||||| |
| 008 |
120905t20122013gw a ob 001 0 eng d |
| 005 |
20250816204151.6 |
| 020 |
|
|
|z 9783642297427 (hard cover : alk. paper)
|
| 020 |
|
|
|z 9783642297434
|
| 035 |
|
|
|a (CaPaEBR)ebr10589403
|
| 035 |
|
|
|a (OCoLC)805144883
|
| 040 |
|
|
|a CaPaEBR
|c CaPaEBR
|d UtOrBLW
|
| 050 |
1 |
4 |
|a HE316.A78
|b T78 2012eb
|
| 245 |
0 |
0 |
|a Transport development in Asian megacities :
|b a new perspective /
|c Shigeru Morichi, Surya Raj Acharya, editors.
|
| 264 |
|
1 |
|a Berlin ;
|a New York :
|b Springer,
|c 2012
|
| 264 |
|
4 |
|c ©2013
|
| 300 |
|
|
|a 1 online resource (xii, 274 pages) :
|b illustrations
|
| 336 |
|
|
|a text
|b txt
|2 rdacontent
|
| 337 |
|
|
|a computer
|b c
|2 rdamedia
|
| 338 |
|
|
|a online resource
|b cr
|2 rdacarrier
|
| 504 |
|
|
|a Includes bibliographical references and index.
|
| 500 |
|
|
|a Electronic resource.
|
| 650 |
|
0 |
|a Urban transportation
|x Planning
|z Asia.
|
| 650 |
|
0 |
|a Metropolitan areas
|z Asia.
|
| 655 |
|
7 |
|a Electronic books.
|2 local
|
| 700 |
1 |
|
|a Morichi, Shigeru.
|
| 700 |
1 |
|
|a Acharya, Surya Raj.
|
| 710 |
2 |
|
|a ebrary, Inc.
|
| 856 |
4 |
0 |
|u https://ebookcentral.proquest.com/lib/tamucs/detail.action?docID=994243
|y Connect to the full text of this electronic book
|t 0
|
| 980 |
|
|
|a 121102
|b 99
|c USD
|e 99
|f YBP_EBR0000045794
|g 1
|
| 999 |
f |
f |
|s 2714d63b-7984-3834-beb1-be6732ef5dc7
|i 6ed32d9a-bd54-3ca2-82d7-c559d9fb67d1
|t 0
|
| 999 |
|
|
|a MARS
|
| 952 |
f |
f |
|a Texas A&M University
|b College Station
|c Electronic Resources
|d Available Online
|t 0
|e HE316.A78 T78 2012eb
|h Library of Congress classification
|
| 998 |
f |
f |
|a HE316.A78 T78 2012eb
|t 0
|l Available Online
|